Country, Disputed Country, and Territory Flags of the World - Statistics

General Stats
  • This quiz has been taken 93 times
    87 since last reset
  • The average score is 193 of 301
Answer Stats
Picture Answer % Correct
Peru
94%
Vietnam
90%
Tonga
88%
Bahamas
87%
Tibet
87%
Zimbabwe
87%
Iceland
85%
Italy
85%
Maldives
85%
Nigeria
85%
Sierra Leone
85%
Spain
85%
Zambia
85%
Afghanistan
83%
Albania
83%
Argentina
83%
Cambodia
83%
Ivory Coast
83%
Romania
83%
Brazil
81%
Djibouti
81%
Estonia
81%
Iraq
81%
Liberia
81%
Slovakia
81%
United Arab Emirates
81%
Colombia
79%
Costa Rica
79%
Mauritania
79%
Netherlands
79%
Pakistan
79%
Trinidad & Tobago
79%
Tuvalu
79%
Yemen
79%
Cyprus
77%
Georgia
77%
Germany
77%
Gibraltar
77%
Latvia
77%
Lesotho
77%
Monaco
77%
North Korea
77%
Poland
77%
Rwanda
77%
Seychelles
77%
United Kingdom
77%
Canada
75%
Guam
75%
Mauritius
75%
New Zealand
75%
Northern Cyprus
75%
Russia
75%
South Korea
75%
St. Kitts & Nevis
75%
United States
75%
Algeria
73%
Andorra
73%
Angola
73%
Antigua and Barbuda
73%
Armenia
73%
Australia
73%
Austria
73%
Azerbaijan
73%
Bahrain
73%
Bangladesh
73%
Barbados
73%
Belarus
73%
Belgium
73%
Belize
73%
Bhutan
73%
Bosnia & Herzegovina
73%
Botswana
73%
Brunei
73%
Bulgaria
73%
Burkina Faso
73%
Burundi
73%
Cape Verde
73%
Central African Republic
73%
Chad
73%
Chile
73%
China
73%
Comoros
73%
Croatia
73%
Cuba
73%
Czech Republic
73%
Denmark
73%
Dominica
73%
Dominican Republic
73%
D.R. Congo
73%
Ecuador
73%
Egypt
73%
El Salvador
73%
Equatorial Guinea
73%
Eswatini
73%
Ethiopia
73%
Faroe Islands
73%
Finland
73%
France
73%
F.S. of Micronesia
73%
Gambia
73%
Ghana
73%
Greece
73%
Greenland
73%
Grenada
73%
Guatemala
73%
Guinea-Bissau
73%
Haiti
73%
Honduras
73%
Hong Kong
73%
Hungary
73%
India
73%
Indonesia
73%
Iran
73%
Ireland
73%
Israel
73%
Jamaica
73%
Japan
73%
Jordan
73%
Kazakhstan
73%
Kenya
73%
Kiribati
73%
Kosovo
73%
Kuwait
73%
Kyrgyzstan
73%
Laos
73%
Lebanon
73%
Libya
73%
Liechtenstein
73%
Lithuania
73%
Luxembourg
73%
Madagascar
73%
Malawi
73%
Malaysia
73%
Malta
73%
Marshall Islands
73%
Mexico
73%
Moldova
73%
Mongolia
73%
Montenegro
73%
Morocco
73%
Mozambique
73%
Myanmar
73%
Nauru
73%
Nepal
73%
Nicaragua
73%
Niger
73%
North Macedonia
73%
Norway
73%
Oman
73%
Palau
73%
Panama
73%
Papua New Guinea
73%
Paraguay
73%
Philippines
73%
Portugal
73%
Puerto Rico
73%
Qatar
73%
San Marino
73%
Sao Tome & Principe
73%
Saudi Arabia
73%
Scotland
73%
Senegal
73%
Serbia
73%
Singapore
73%
Slovenia
73%
Somalia
73%
South Africa
73%
Sri Lanka
73%
St. Lucia
73%
St. Vincent and the Grenadines
73%
Suriname
73%
Sweden
73%
Switzerland
73%
Syria
73%
Taiwan
73%
Tajikistan
73%
Thailand
73%
Togo
73%
Tunisia
73%
Turkey
73%
Turkmenistan
73%
Turks and Caicos Islands
73%
Uganda
73%
Ukraine
73%
Uruguay
73%
Uzbekistan
73%
Vanuatu
73%
Vatican City
73%
Venezuela
73%
Wales
73%
Benin
71%
Bolivia
71%
East Timor
71%
Eritrea
71%
Fiji
71%
French Polynesia
71%
Guinea
71%
Guyana
71%
Isle of Man
71%
Macau
71%
Mali
71%
Mayotte
71%
Namibia
71%
Rep. of the Congo
71%
Samoa
71%
Solomon Islands
71%
South Sudan
71%
Sudan
71%
Tanzania
71%
American Samoa
69%
Antarctica
69%
Cameroon
69%
England
69%
Gabon
69%
New Caledonia
69%
Bermuda
67%
Christmas Islands
67%
Saint Pierre and Miquelon
67%
U.S. Virgin Islands
67%
Guernsey
65%
Jersey
65%
Northern Ireland
65%
Somaliland
65%
Western Sahara
65%
Åland
63%
Aruba
63%
Curaçao
63%
Norfolk Islands
63%
Cocos Islands
62%
Falkland Islands
62%
Montserrat
62%
Tokelau
62%
Anguilla
60%
Northern Mariana Islands
60%
Bonaire
58%
British Indian Ocean Territory
58%
French Guiana
58%
Guadeloupe
58%
Pitcairn Islands
58%
Sint Maarten
58%
Transnistria
58%
Abkhazia
56%
Cayman Islands
56%
Saint Helena
56%
South Ossetia
56%
British Virgin Islands
54%
Kurdistan
52%
Réunion
50%
Easter Island
48%
South Georgia and the South Sandwich Islands
48%
Azores
46%
Crimea
46%
Saint Barthélemy
46%
Saba
42%
Tristan da Cunha
42%
Canary Islands
40%
French Southern and Antarctic Lands
40%
Madeira
40%
Martinique
40%
Ceuta
38%
Ascension Island
37%
Bougainville
35%
Donetsk People's Republic
31%
Sealand
31%
Luhansk People’s Republic
29%
Chechnya
27%
North Ossetia–Alania
25%
Adjara
23%
Melilla
23%
Tuva
23%
Ambazonia
21%
Azad Kashmir
21%
Buryatia
19%
Kalmykia
19%
Sovereign Military Order of Malta
19%
Chuvashia
17%
Tatarstan
17%
Dagestan
15%
Galápagos Islands
15%
Karelia
15%
Khakassia
15%
Liberland
15%
Altai Republic
13%
Mari El
13%
Sakha
13%
Udmurtia
13%
West Papua
13%
Ingushetia
12%
Komi
12%
South Moluccas
12%
Adygea
10%
Anjouan
10%
Bashkortostan
10%
Gagauzia
10%
Ingria
10%
Kharkiv People's Republic
10%
Mordovia
10%
Akrotiri and Dhekelia
8%
Roraima
8%
Kabardino-Balkaria
6%
Karachay-Cherkessia
6%
No matching quizzes found
Score Distribution
Percent of People with Each Score
Percentile by Number Answered
Your Score History
You have not taken this quiz since the last reset